书目信息 |
| 题名: |
泰州学派美学思想史
|
|
| 作者: | 姚文放 主编 | |
| 分册: | ||
| 出版信息: | 北京 社会科学文献出版社 2008.03 |
|
| 页数: | 411页 | |
| 开本: | 21cm | |
| 丛书名: | 扬泰文库·审美文化系列 | |
| 单 册: | ||
| 中图分类: | B83-092 , B248.35 | |
| 科图分类: | ||
| 主题词: | 泰州学派--tai zhou xue pai--美学思想--思想史--研究 | |
| 电子资源: | ||
| ISBN: | 978-7-5097-0053-2 | |
| 000 | 01105nam 2200301 450 | |
| 005 | 20080917113036.37 | |
| 010 | @a978-7-5097-0053-2@dCNY35.00 | |
| 100 | @a20071009d2008 em y0chiy0121 ea | |
| 101 | 0 | @achi |
| 102 | @aCN@b110000 | |
| 105 | @ay a 000yy | |
| 200 | 1 | @a泰州学派美学思想史@Atai zhou xue pai mei xue si xiang shi@f姚文放主编 |
| 210 | @a北京@c社会科学文献出版社@d2008.03 | |
| 215 | @a411页@d21cm | |
| 225 | 2 | @a扬泰文库·审美文化系列@Ayang tai wen ku · shen mei wen hua xi lie |
| 312 | @a英文并列题名取自封面 | |
| 314 | @a姚文放(1949- ),生于江苏省无锡市,现为扬州大学文学院院长,教授,博士生导师,著有《文学理论》等。 | |
| 320 | @a有书目 (第399-407页) | |
| 330 | @a本收是国内第一本系列论述扬州学派美学思想的专著。 | |
| 410 | 0 | @12001 @a扬泰文库·审美文化系列 |
| 510 | 1 | @aHistory of Aesthetic Thoughts of Taizhou School@zeng |
| 606 | 0 | @a泰州学派@Atai zhou xue pai@x美学思想@x思想史@x研究 |
| 690 | @aB83-092@v4 | |
| 690 | @aB248.35@v4 | |
| 701 | 0 | @a姚文放@Ayao wen fang,@f1949- @4主编 |
| 801 | 0 | @aCN@bLR@c20080917 |
| 905 | @aZUCC@dB248.35@eY370 | |
| 999 | @aLYX | |
| 泰州学派美学思想史/姚文放主编.-北京:社会科学文献出版社,2008.03 |
| 411页;21cm.-(扬泰文库·审美文化系列) |
| ISBN 978-7-5097-0053-2:CNY35.00 |
| 本收是国内第一本系列论述扬州学派美学思想的专著。 |
| ● |
| 相关链接 |
|
|
|
正题名:泰州学派美学思想史
索取号:B248.35/Y370
 
预约/预借
| 序号 | 登录号 | 条形码 | 馆藏地/架位号 | 状态 | 备注 |
| 1 | 679133 | 206791337 | 社科库509/422社科库 46排2列3层/ [索取号:B248.35/Y370] | 在馆 | |
| 2 | 679134 | 206791346 | 社科库509/422社科库 46排2列3层/ [索取号:B248.35/Y370] | 在馆 | |
| 3 | 679135 | 206791355 | 社科库509/509社科库 15排1列4层/ [索取号:B248.35/Y370] | 在馆 |